00842nam a2200181 i 4500001000700000003000900007005001700016007000300033008004100036100002100077245026100098250001300359260003600372300002700408505018800435700001400623852002300637147089ES-MaACL20230906201809.0t|070921s1929 fr ||||1| fre d1 aTurpain, Albert.10aLeçons élémentaires de physique à l'usage des candidats au certificat d'études physiques, chimiques et naturelles (P.C.N.) b: Pesanteur. Statique des fluides. Chaleur. Travail et énergie / cpar Albert Turpain : avec une préface de P. Garbe. a8e éd. aParis : b[P. Brodard], c1929. a2 v. : bil ; c23 cm.8 aContiene: Tomo I. Pesanteur. Statique des fluides. Chaleur, travail et energie.-- Tomo II Optique geometrique. Etudades vibration acustique. Optique physique. Electricite Meteriologie1 aGarbe, P. aES-MaACLjA-576-77